U.S. Interstates in Maryland - Statistics

General Stats
  • This quiz has been taken 10 times
  • The average score is 12 of 18
Answer Stats
Mileage (in MD)
I- Answer % Correct
109.01 mi I- 95
100%
32.60 mi I- 270
89%
91.85 mi I- 70
89%
12.08 mi I- 81
89%
41.09 mi I- 495
78%
34.50 mi I- 83
78%
4.35 mi I- 195
67%
0.80 mi I- 295
67%
81.09 mi I- 68
67%
51.46 mi I- 695
67%
17.62 mi I- 97
67%
14.87 mi I- 895
67%
1.33 mi I- 395
56%
19.97 mi I- 595
56%
8.99 mi I- 795
56%
2.54 mi I- 370
44%
0.71 mi I- 895A
11%
2.67 mi I- 895B
11%
No matching quizzes found
Score Distribution
Percent of People with Each Score
Percentile by Number Answered
Your Score History
You have not taken this quiz